[Event "VIII Floripa Chess Open 2022 - LIRA - m"]
[Site "Lira Tênis Clube - Florianó"]
[Date "2022.01.26"]
[Round "4.2"]
[White "Pires, Marcos Vinicius Tor"]
[Black "Delgado Ramirez, Neuris"]
[Result "0-1"]
[WhiteElo "2302"]
[BlackElo "2615"]
[PlyCount "102"]
[EventDate "2022.01.24"]
[EventRounds "10"]
[EventCountry "BRA"]

1. Nf3 Nf6 2. c4 g6 3. b3 Bg7 4. Bb2 d6 5. d4 O-O 6. g3 Bf5 7. Bg2 Qc8 8. O-O
c6 9. Nc3 Na6 10. Qd2 Re8 11. Rad1 Nc7 12. Nh4 Bh3 13. e4 Bxg2 14. Kxg2 b5 15.
cxb5 cxb5 16. Rfe1 Qb7 17. Qe2 a5 18. Nf3 a4 19. d5 Nd7 20. Nd4 axb3 21. axb3
Nc5 22. b4 Na4 23. Ba1 Nxc3 24. Bxc3 Ra3 25. Qb2 Rea8 26. Ra1 Rxa1 27. Rxa1
Rxa1 28. Qxa1 Bxd4 29. Bxd4 e6 30. Kg1 exd5 31. e5 dxe5 32. Bxe5 Ne6 33. Qc3
Qd7 34. Qf3 Qd8 35. Bf6 Qd6 36. Qd3 Qc6 37. Qf3 Ng7 38. Qf4 Ne8 39. Bd4 Qd6 40.
Qe3 Qe6 41. Qf3 Nd6 42. h4 Nf5 43. Qc3 Nxd4 44. Qxd4 Qe1+ 45. Kh2 h5 46. Qf6
Qxb4 47. Qd8+ Kg7 48. Qxd5 Qb2 49. Kg2 b4 50. g4 hxg4 51. h5 Qf6 0-1

[Event "VIII Floripa Chess Open 2022 - LIRA - m"]
[Site "Lira Tênis Clube - Florianó"]
[Date "2022.01.26"]
[Round "4.3"]
[White "Bachmann, Axel"]
[Black "Guimaraes, Diogo Duarte"]
[Result "1-0"]
[WhiteElo "2594"]
[BlackElo "2273"]
[PlyCount "51"]
[EventDate "2022.01.24"]
[EventRounds "10"]
[EventCountry "BRA"]

1. c4 c6 2. d4 d5 3. cxd5 cxd5 4. Bg5 Nc6 5. Nc3 Bf5 6. e3 Qd7 7. Nf3 e6 8. Rc1
h6 9. Bf4 Bd6 10. Bxd6 Qxd6 11. Qb3 Nge7 12. Qxb7 O-O 13. Qa6 Rfb8 14. Bb5 Qb4
15. Bxc6 Nxc6 16. O-O Rb6 17. Qa4 Qxb2 18. Nxd5 exd5 19. Rxc6 Rb4 20. Qa6 Bd7
21. Rc7 Bb5 22. Qb7 Bxf1 23. Qxa8+ Kh7 24. h3 Qb1 25. Nd2 Qd3 26. Qxd5 1-0

[Event "VIII Floripa Chess Open 2022 - LIRA - m"]
[Site "Lira Tênis Clube - Florianó"]
[Date "2022.01.26"]
[Round "4.4"]
[White "Cominato Neto, Jose Luis"]
[Black "Supi, Luis Paulo"]
[Result "0-1"]
[WhiteElo "2272"]
[BlackElo "2581"]
[PlyCount "54"]
[EventDate "2022.01.24"]
[EventRounds "10"]
[EventCountry "BRA"]

1. e4 c5 2. Nf3 d6 3. c3 Nf6 4. Be2 g6 5. O-O Bg7 6. Bb5+ Nc6 7. Re1 O-O 8. h3
e5 9. d4 cxd4 10. cxd4 Nxd4 11. Nxd4 exd4 12. Qxd4 Be6 13. Nc3 Nd5 14. Qxg7+
Kxg7 15. exd5 Bd7 16. Bd3 Re8 17. Be3 f5 18. Rac1 a6 19. a3 Kf7 20. Nb1 Rc8 21.
Nd2 Qf6 22. Nc4 f4 23. Bb6 Rxc4 24. Bxc4 Qxb2 25. Bc7 Rxe1+ 26. Rxe1 Qc3 27.
Re4 Bf5 0-1

[Event "VIII Floripa Chess Open 2022 - LIRA - m"]
[Site "Lira Tênis Clube - Florianó"]
[Date "2022.01.26"]
[Round "4.5"]
[White "Fier, Alexandr"]
[Black "Labussiere, Yago"]
[Result "1-0"]
[WhiteElo "2573"]
[BlackElo "2257"]
[PlyCount "49"]
[EventDate "2022.01.24"]
[EventRounds "10"]
[EventCountry "BRA"]

1. e4 e5 2. Bc4 Nf6 3. d3 Nc6 4. Nf3 Bc5 5. Bg5 d6 6. c3 Bb6 7. a4 a6 8. Nbd2
O-O 9. O-O h6 10. Bh4 g5 11. Bg3 Kg7 12. Re1 Qe7 13. b4 Be6 14. d4 exd4 15.
cxd4 Nxd4 16. e5 Nd7 17. exd6 cxd6 18. Nxd4 Bxd4 19. Ne4 Be5 20. Nxd6 Qf6 21.
Ne4 Qe7 22. Bxe6 fxe6 23. Bxe5+ Nxe5 24. Qd4 Qc7 25. Nc5 1-0

[Event "VIII Floripa Chess Open 2022 - LIRA - m"]
[Site "Lira Tênis Clube - Florianó"]
[Date "2022.01.26"]
[Round "4.6"]
[White "Menna Barreto, Luiz Ney"]
[Black "Mekhitarian, Krikor Sevag"]
[Result "0-1"]
[WhiteElo "2254"]
[BlackElo "2562"]
[PlyCount "88"]
[EventDate "2022.01.24"]
[EventRounds "10"]
[EventCountry "BRA"]

1. Nf3 c5 2. c4 Nf6 3. Nc3 d5 4. cxd5 Nxd5 5. d4 Nxc3 6. bxc3 g6 7. e4 Bg7 8.
Be3 Qa5 9. Qd2 O-O 10. Rc1 Rd8 11. d5 e6 12. c4 Qxd2+ 13. Nxd2 Na6 14. Be2 b6
15. O-O Nb4 16. a3 Na2 17. Rc2 Nc3 18. Bd3 exd5 19. cxd5 Bd7 20. Rfc1 Nb5 21.
a4 Nd6 22. Ra2 f5 23. f3 fxe4 24. fxe4 Re8 25. Bf4 Nf7 26. Nf3 h6 27. h3 g5 28.
Bg3 h5 29. Re1 g4 30. hxg4 hxg4 31. Nd2 Bd4+ 32. Bf2 Ne5 33. Bf1 Bc3 34. Bb5
Re7 35. Re3 Bxd2 36. Rxd2 Bxb5 37. axb5 Nc4 38. Rde2 Nxe3 39. Rxe3 Rae8 40. d6
Rd7 41. Bg3 Kf7 42. Kf2 Ke6 43. Bf4 Rf8 44. g3 Rxd6 0-1

[Event "VIII Floripa Chess Open 2022 - LIRA - m"]
[Site "Lira Tênis Clube - Florianó"]
[Date "2022.01.26"]
[Round "4.7"]
[White "Cuenca Jimenez, Jose Fernando"]
[Black "Caetano, Ryan Wesley Da Cost"]
[Result "1-0"]
[WhiteElo "2552"]
[BlackElo "2217"]
[PlyCount "51"]
[EventDate "2022.01.24"]
[EventRounds "10"]
[EventCountry "BRA"]

1. Nf3 Nf6 2. c4 g6 3. Nc3 Bg7 4. e4 d6 5. d4 O-O 6. Be2 Na6 7. O-O e5 8. Be3
Qe8 9. Re1 Nxe4 10. Nxe4 exd4 11. Nxd6 Qe6 12. Bf4 cxd6 13. Nxd4 Qf6 14. Be3
Nc5 15. Qd2 Re8 16. Bf3 Bd7 17. Rad1 Rac8 18. b3 Ne4 19. Bxe4 Rxe4 20. Nf3 Rg4
21. h3 Rxg2+ 22. Kxg2 Bxh3+ 23. Kxh3 Qxf3+ 24. Kh2 Be5+ 25. Kg1 Qg4+ 26. Kf1
1-0

[Event "VIII Floripa Chess Open 2022 - LIRA - m"]
[Site "Lira Tênis Clube - Florianó"]
[Date "2022.01.26"]
[Round "4.8"]
[White "Pereira, Silvio Cunha"]
[Black "Hungaski, Robert"]
[Result "0-1"]
[WhiteElo "2217"]
[BlackElo "2537"]
[PlyCount "53"]
[EventDate "2022.01.24"]
[EventRounds "10"]
[EventCountry "BRA"]

1. e4 e6 2. d4 d5 3. Nc3 Nf6 4. Bg5 Bb4 5. e5 h6 6. Bd2 Bxc3 7. Bxc3 Ne4 8. Qf3
O-O 9. Bb4 c5 10. Bxc5 Nxc5 11. dxc5 Nc6 12. Qe3 d4 13. Qe4 Qa5+ 14. Kd1 Qxc5
15. Bd3 f5 16. exf6 Rxf6 17. Nf3 e5 18. Qh7+ Kf7 19. Nd2 Qf8 20. Ne4 Bf5 21.
Nd6+ Qxd6 22. Bxf5 e4 23. Bxe4 Rxf2 24. Bf3 Qf4 25. Bh5+ Ke6 26. Re1+ Kd6 27.
Qg6+ 0-1

[Event "VIII Floripa Chess Open 2022 - LIRA - m"]
[Site "Lira Tênis Clube - Florianó"]
[Date "2022.01.26"]
[Round "4.9"]
[White "Lima, Darcy"]
[Black "Alboredo, Julia"]
[Result "1/2-1/2"]
[WhiteElo "2507"]
[BlackElo "2200"]
[PlyCount "64"]
[EventDate "2022.01.24"]
[EventRounds "10"]
[EventCountry "BRA"]

1. c4 c5 2. Nf3 Nf6 3. d4 cxd4 4. Nxd4 Nc6 5. Nc3 e5 6. Nc2 d6 7. g3 Be6 8. Ne3
Be7 9. Bg2 O-O 10. O-O Rc8 11. Ned5 Ne8 12. Nxe7+ Qxe7 13. b3 a6 14. Nd5 Bxd5
15. Qxd5 Nc7 16. Qd2 Rfd8 17. Ba3 Rd7 18. Rad1 Rcd8 19. Qe3 Qe6 20. Bd5 Qf6 21.
Kg2 Nxd5 22. Rxd5 Ne7 23. Rd2 d5 24. Bxe7 Qxe7 25. cxd5 Rxd5 26. Rxd5 Rxd5 27.
Rc1 Qd7 28. Qb6 Rb5 29. Qc7 Qxc7 30. Rxc7 g6 31. Kf3 Kg7 32. g4 Kf6 1/2-1/2

[Event "VIII Floripa Chess Open 2022 - LIRA - m"]
[Site "Lira Tênis Clube - Florianó"]
[Date "2022.01.26"]
[Round "4.46"]
[White "Vargas, Gabriela"]
[Black "Souza, Atahander"]
[Result "1-0"]
[WhiteElo "2152"]
[BlackElo "1867"]
[PlyCount "63"]
[EventDate "2022.01.24"]
[EventRounds "10"]
[EventCountry "BRA"]

1. d4 c6 2. c4 Nf6 3. Nf3 d5 4. e3 Bf5 5. Nc3 e6 6. Qb3 Qc7 7. Nh4 Bg4 8. h3
Bh5 9. g4 Bg6 10. Nxg6 hxg6 11. Bg2 Nbd7 12. e4 e5 13. exd5 exd4 14. dxc6 bxc6
15. Ne2 Rb8 16. Qf3 Bb4+ 17. Kf1 Ne5 18. Bf4 Nxf3 19. Bxc7 Nd2+ 20. Kg1 Rc8 21.
Bf4 c5 22. a3 Nb3 23. Rd1 Ba5 24. Bb7 O-O 25. Bxc8 Rxc8 26. Rd3 Re8 27. Ng3 Na1
28. Bd6 Nd7 29. b4 Re6 30. bxc5 Nc2 31. Kf1 Ne1 32. Rxd4 1-0

[Event "VIII Floripa Chess Open 2022 - LIRA - m"]
[Site "Lira Tênis Clube - Florianó"]
[Date "2022.01.26"]
[Round "4.47"]
[White "Quintiliano Moura, Paulo Henrique"]
[Black "Francisco Guecamburu, Candela Be"]
[Result "0-1"]
[WhiteElo "1876"]
[BlackElo "2146"]
[PlyCount "92"]
[EventDate "2022.01.24"]
[EventRounds "10"]
[EventCountry "BRA"]

1. e4 c5 2. c3 d5 3. exd5 Qxd5 4. Nf3 Nf6 5. d4 g6 6. Be2 cxd4 7. Qxd4 Qa5 8.
O-O Nc6 9. Qh4 Bg4 10. h3 Bxf3 11. Bxf3 Bg7 12. Bxc6+ bxc6 13. Bh6 O-O 14. Na3
Rfd8 15. Bxg7 Kxg7 16. Rfd1 Rd5 17. Rxd5 cxd5 18. Qf4 Qb6 19. Rb1 Rc8 20. Qe5
Rc6 21. Nc2 Re6 22. Qd4 Qb7 23. Ne3 Re4 24. Qd2 e6 25. Rd1 Qb6 26. b3 a5 27. g3
Nh5 28. Kg2 a4 29. b4 f5 30. a3 Nxg3 31. Nxd5 exd5 32. fxg3 Qe6 33. Kf3 Qe5 34.
Kf2 f4 35. gxf4 Rxf4+ 36. Kg2 Re4 37. Kf3 Qf5+ 38. Kg2 Qe6 39. Qd3 d4 40. c4
Kg8 41. Rf1 Re3 42. Qxd4 Qxh3+ 43. Kg1 Rg3+ 44. Kf2 Rf3+ 45. Ke2 Qxf1+ 46. Kd2
Qg2+ 0-1

[Event "VIII Floripa Chess Open 2022 - LIRA - m"]
[Site "Lira Tênis Clube - Florianó"]
[Date "2022.01.26"]
[Round "4.48"]
[White "Starke, Bruno Orlando"]
[Black "Feller, Gabriela Luisa Vice"]
[Result "1/2-1/2"]
[WhiteElo "2139"]
[BlackElo "1864"]
[PlyCount "136"]
[EventDate "2022.01.24"]
[EventRounds "10"]
[EventCountry "BRA"]

1. e4 c6 2. d4 d5 3. exd5 cxd5 4. Bd3 Nc6 5. c3 Nf6 6. Bf4 Bg4 7. Qb3 Qc8 8.
Nd2 e6 9. Ngf3 Be7 10. h3 Bh5 11. O-O O-O 12. Rfe1 a6 13. a4 Na5 14. Qc2 Nc4
15. Bxc4 dxc4 16. a5 Nd5 17. Bg3 Bxf3 18. Nxf3 Rd8 19. Ra4 b5 20. axb6 Nxb6 21.
Ra5 Rd5 22. Rea1 Bd8 23. Qe2 Rb5 24. R5a2 a5 25. Nd2 Qc6 26. Ne4 Be7 27. Be5
Nd7 28. Bf4 e5 29. dxe5 Nxe5 30. Nd2 Nd3 31. Qxe7 Nxf4 32. Qe4 Qxe4 33. Nxe4
Nd3 34. Nd6 Rxb2 35. Nxc4 Rxa2 36. Rxa2 a4 37. Nb6 Ra6 38. Rxa4 Rxa4 39. Nxa4
Kf8 40. Kf1 Ke7 41. Ke2 Ne5 42. Ke3 Kd6 43. Kd4 g5 44. c4 Nc6+ 45. Ke4 Ne7 46.
g4 f6 47. Nb6 Ng6 48. Nd5 Ke6 49. c5 Nh4 50. c6 f5+ 51. Kd4 fxg4 52. hxg4 Nf3+
53. Kc5 Ne5 54. Ne3 Nd3+ 55. Kb6 Kd6 56. Nf5+ Ke6 57. Kb7 Nc5+ 58. Kc8 Kd5 59.
Ne7+ Kd6 60. Kd8 Ne6+ 61. Ke8 Nc5 62. Kf7 Nd3 63. f3 Ne5+ 64. Ke8 Kc7 65. Nd5+
Kxc6 66. Nf6 Nxf3 67. Nxh7 Ne5 68. Nxg5 Nxg4 1/2-1/2

[Event "VIII Floripa Chess Open 2022 - LIRA - m"]
[Site "Lira Tênis Clube - Florianó"]
[Date "2022.01.26"]
[Round "4.49"]
[White "Buganca, Luiz Henrique Da Si"]
[Black "Ribeiro, Matheus Mendes Domi"]
[Result "1/2-1/2"]
[WhiteElo "1873"]
[BlackElo "2128"]
[PlyCount "128"]
[EventDate "2022.01.24"]
[EventRounds "10"]
[EventCountry "BRA"]

1. d4 d5 2. c4 e6 3. Nc3 Nf6 4. cxd5 exd5 5. Bg5 Be7 6. e3 O-O 7. Bd3 c6 8.
Nge2 Nbd7 9. O-O Re8 10. f3 Nf8 11. Bh4 Ne6 12. Bf2 b5 13. Ng3 g6 14. Rc1 Bb7
15. h3 Rc8 16. e4 b4 17. Nce2 Qa5 18. e5 Nd7 19. f4 c5 20. f5 Ng5 21. e6 fxe6
22. fxg6 h6 23. h4 Ne4 24. Nxe4 dxe4 25. Bc4 Bd5 26. Bxd5 exd5 27. dxc5 Qxa2
28. b3 Nf6 29. Bd4 Qa6 30. Ra1 Qc6 31. Rxa7 Bxc5 32. Rf7 Re6 33. Kh1 Nh5 34.
Rh7 Bxd4 35. Qxd4 Rf6 36. Rxf6 Nxf6 37. Qa7 Nd7 38. Qxd7 Qxg6 39. Qxc8+ Kxh7
40. Qd7+ Kh8 41. Qxd5 Qg4 42. Qd4+ Kh7 43. Qf2 e3 44. Qxe3 Qxh4+ 45. Qh3 Qe1+
46. Ng1 Qd2 47. Qf3 Qe1 48. Kh2 Qe5+ 49. Qg3 Qc5 50. Nh3 Qc2 51. Nf4 Kh8 52.
Qg6 Qxb3 53. Nh5 Qc3 54. Qf6+ Qxf6 55. Nxf6 b3 56. Ne4 b2 57. Nd2 Kg7 58. Kg3
Kf6 59. Kf4 Ke6 60. Ke4 Kf6 61. Kd3 Kf5 62. Kc2 Kf4 63. Nf1 h5 64. Kxb2 h4
1/2-1/2

[Event "VIII Floripa Chess Open 2022 - LIRA - m"]
[Site "Lira Tênis Clube - Florianó"]
[Date "2022.01.26"]
[Round "4.50"]
[White "Do Nascimento, Christian Almeida"]
[Black "Correa, Joao Pedro Vieira"]
[Result "1-0"]
[WhiteElo "2120"]
[BlackElo "1864"]
[PlyCount "153"]
[EventDate "2022.01.24"]
[EventRounds "10"]
[EventCountry "BRA"]

1. d4 Nf6 2. Bg5 d5 3. Nd2 c5 4. e3 cxd4 5. exd4 Nc6 6. c3 g6 7. Bd3 Bg7 8.
Ngf3 O-O 9. O-O Be6 10. Re1 Re8 11. h3 Rc8 12. Bf4 Bf5 13. Bxf5 gxf5 14. Ne5 e6
15. Bg5 Ne7 16. Bxf6 Bxf6 17. Ndf3 Ng6 18. Qd2 Kg7 19. Re2 a6 20. Rae1 b5 21.
g3 Bxe5 22. Nxe5 Nxe5 23. Rxe5 h6 24. Kh2 Qf6 25. Qf4 Rg8 26. Rg1 h5 27. f3 Qh6
28. Qxh6+ Kxh6 29. Re3 Rc6 30. g4 fxg4 31. hxg4 hxg4 32. fxg4 b4 33. Rf3 Kg7
34. Rgf1 Rf8 35. Kg3 bxc3 36. bxc3 Rb6 37. R1f2 Rb7 38. g5 Rc7 39. Kg4 Rc6 40.
Rf1 Rb6 41. Rh1 Rbb8 42. Rh2 Rh8 43. Rhf2 Rhf8 44. Rf6 Rb1 45. Rh6 Rg1+ 46. Kf4
Rh8 47. Rf6 Rf8 48. Rh6 Rh8 49. Rf6 Rf8 50. Rf3 Re1 51. a3 Rg1 52. Rf2 Re1 53.
a4 a5 54. Rf3 Rg1 55. Rh3 Rf1+ 56. Ke5 Re1+ 57. Kd6 Rg1 58. Rhf3 Rxg5 59. Ke7
Rc8 60. Rxf7+ Kg8 61. Rf8+ Rxf8 62. Rxf8+ Kg7 63. Rf7+ Kg8 64. Kxe6 Rg3 65. Rc7
Rg1 66. Kxd5 Ra1 67. c4 Rxa4 68. c5 Kf8 69. c6 Ke8 70. Ra7 Kd8 71. Kc5 Ra1 72.
d5 Rh1 73. d6 Rc1+ 74. Kb6 Rb1+ 75. Ka6 Ke8 76. Ra8+ Kf7 77. d7 1-0

[Event "VIII Floripa Chess Open 2022 - LIRA - m"]
[Site "Lira Tênis Clube - Florianó"]
[Date "2022.01.26"]
[Round "4.51"]
[White "Dianda, Joao Carlos"]
[Black "De Siqueira, Luigy Lira"]
[Result "0-1"]
[WhiteElo "2117"]
[BlackElo "1853"]
[PlyCount "76"]
[EventDate "2022.01.24"]
[EventRounds "10"]
[EventCountry "BRA"]

1. d4 Nf6 2. c4 c5 3. d5 e6 4. Nc3 exd5 5. cxd5 d6 6. e4 g6 7. h3 Bg7 8. Bd3
O-O 9. Bg5 Re8 10. Nf3 c4 11. Bc2 b5 12. a3 h6 13. Be3 Nxe4 14. Nxe4 f5 15. Nc3
f4 16. O-O fxe3 17. Bxg6 Bxc3 18. fxe3 Bf6 19. Nd4 Rxe3 20. Qh5 Rxh3 21. Bf7+
Kh8 22. gxh3 Bxd4+ 23. Kh1 Qg5 24. Qe2 Qe3 25. Qxe3 Bxe3 26. Rae1 Bxh3 27. Rf3
Bd2 28. Re8+ Kg7 29. Rg8+ Kh7 30. Rxh3 a5 31. Rhg3 Bg5 32. Be6 b4 33. Rg4 c3
34. Rc4 Ra7 35. Rxb8 cxb2 36. Bf5+ Kg7 37. axb4 a4 38. Rb5 a3 0-1

[Event "VIII Floripa Chess Open 2022 - LIRA - m"]
[Site "Lira Tênis Clube - Florianó"]
[Date "2022.01.26"]
[Round "4.52"]
[White "Zimmermann, Kleber Renato P."]
[Black "Leitao, Nicolau"]
[Result "1/2-1/2"]
[WhiteElo "1869"]
[BlackElo "2109"]
[PlyCount "111"]
[EventDate "2022.01.24"]
[EventRounds "10"]
[EventCountry "BRA"]

1. d4 Nf6 2. e3 e6 3. Bd3 d5 4. f4 Be7 5. Nf3 b6 6. c3 Bb7 7. O-O Nbd7 8. Nbd2
O-O 9. Ne5 Ne4 10. Ndf3 f6 11. Nxd7 Qxd7 12. Qe2 c5 13. Bd2 Rac8 14. Rad1 c4
15. Bb1 b5 16. Be1 a5 17. a3 Rb8 18. Kh1 Bc6 19. Rg1 b4 20. axb4 axb4 21. g4
bxc3 22. Bxc3 Ba3 23. Bxe4 dxe4 24. Ne1 Bd6 25. Qxc4 Bb5 26. Qa2 Rfc8 27. Rd2
Bc4 28. Qb1 Rb3 29. Qd1 Rcb8 30. g5 f5 31. Nc2 Bd5 32. Na1 R3b7 33. Qh5 g6 34.
Qe2 Bxf4 35. Qf2 Bd6 36. Nc2 f4 37. Rg4 Rf8 38. Qh4 Qb5 39. Qe1 Rbf7 40. Rg1
fxe3 41. Nxe3 Rf3 42. Qe2 Bf4 43. Qxb5 Bxe3 44. Rdg2 Bxg1 45. Kxg1 e3 46. Be1
Bc6 47. Qd3 R8f5 48. h4 Bb5 49. Qb3 Rf1+ 50. Kh2 Rxe1 51. Qxe6+ Kg7 52. Qe7+
Kg8 53. Qd8+ Kg7 54. Qe7+ Kg8 55. Qd8+ Kg7 56. Qe7+ 1/2-1/2

[Event "VIII Floripa Chess Open 2022 - LIRA - m"]
[Site "Lira Tênis Clube - Florianó"]
[Date "2022.01.26"]
[Round "4.53"]
[White "Bail, Ellen Larissa"]
[Black "Souza Neves, Andrey M."]
[Result "1-0"]
[WhiteElo "1864"]
[BlackElo "2107"]
[PlyCount "83"]
[EventDate "2022.01.24"]
[EventRounds "10"]
[EventCountry "BRA"]

1. d4 Nf6 2. Nf3 d5 3. e3 g6 4. c4 Bg7 5. cxd5 O-O 6. Be2 Nxd5 7. e4 Nb6 8. O-O
Bg4 9. Nbd2 Nc6 10. d5 Nb8 11. a4 a5 12. h3 Bxf3 13. Nxf3 Na6 14. Qc2 Nb4 15.
Qb3 Qe8 16. Be3 Kh8 17. Nd4 Nd7 18. Rac1 Rc8 19. Bb5 Qd8 20. Rfd1 Bxd4 21.
Bxd4+ f6 22. Be2 h5 23. Qg3 Kh7 24. Qh4 Qe8 25. Bg4 c6 26. Bc3 Na2 27. dxc6 Nc5
28. Bxc8 Nxc1 29. Rxc1 Qxc8 30. cxb7 Qxb7 31. Bxa5 Ne6 32. Bc3 Rc8 33. Re1 Rc4
34. a5 Kg7 35. Re3 g5 36. Qxh5 Rxe4 37. Qf3 Nc5 38. Rxe4 Nxe4 39. Qe3 e5 40. a6
Qd5 41. a7 Nd6 42. Qd2 1-0

[Event "VIII Floripa Chess Open 2022 - LIRA - m"]
[Site "Lira Tênis Clube - Florianó"]
[Date "2022.01.26"]
[Round "4.54"]
[White "Dias, Anderson Tatsch"]
[Black "Da Silva, Vinicius R. Rodrigu"]
[Result "0-1"]
[WhiteElo "2102"]
[BlackElo "1846"]
[PlyCount "65"]
[EventDate "2022.01.24"]
[EventRounds "10"]
[EventCountry "BRA"]

1. d4 Nf6 2. c4 g6 3. Nc3 Bg7 4. e4 d6 5. Nf3 O-O 6. Be2 e5 7. d5 Nbd7 8. Bg5
a5 9. Nd2 Nc5 10. O-O Qe8 11. b3 h6 12. Be3 Nfd7 13. a3 f5 14. f3 f4 15. Bf2 g5
16. b4 axb4 17. axb4 Rxa1 18. Qxa1 Na6 19. Qa3 Rf7 20. Nb5 Nf6 21. c5 Bf8 22.
cxd6 cxd6 23. Rc1 g4 24. fxg4 Nxg4 25. Na7 Bd7 26. Bxa6 bxa6 27. Qxa6 Nxf2 28.
Kxf2 Rg7 29. Nc6 Qh5 30. Rh1 Qh4+ 31. Kf1 Rxg2 32. Kxg2 Qh3+ 33. Kg1 0-1

[Event "VIII Floripa Chess Open 2022 - LIRA - m"]
[Site "Lira Tênis Clube - Florianó"]
[Date "2022.01.26"]
[Round "4.55"]
[White "Sosa, Alexandro Brum"]
[Black "Damous, Felipe Soares"]
[Result "0-1"]
[WhiteElo "1864"]
[BlackElo "2101"]
[PlyCount "110"]
[EventDate "2022.01.24"]
[EventRounds "10"]
[EventCountry "BRA"]

1. e4 c6 2. d4 d5 3. e5 Bf5 4. Nf3 e6 5. Be2 Ne7 6. O-O Nd7 7. Nbd2 Nc8 8. b3
Be7 9. c4 O-O 10. Bb2 dxc4 11. bxc4 Ncb6 12. Qb3 Rb8 13. Rfd1 Re8 14. Ba3 Bxa3
15. Qxa3 Qc7 16. c5 Nd5 17. Nc4 b6 18. cxb6 axb6 19. Nd6 Red8 20. Ng5 Bg6 21.
Bd3 Nf8 22. Bxg6 fxg6 23. Qh3 Qe7 24. Qg4 c5 25. Rd3 cxd4 26. Rf3 h5 27. Qg3
Nc3 28. Re1 Qa7 29. Nxe6 Qxa2 30. Nxd4 Qd2 31. Rf1 Qxd4 32. Rxc3 b5 33. Rc7 Qd5
34. Re1 b4 35. Rc2 b3 36. Rb2 Rb4 37. h3 Rdb8 38. Re3 h4 39. Qf3 Qxf3 40. gxf3
Ne6 41. Ne4 Kf7 42. Kf1 Nd4 43. Nc5 R8b6 44. Nd3 Ra4 45. Re4 Ra1+ 46. Kg2 Nf5
47. Nc5 Rb5 48. Rc4 Ra2 49. Nd3 Rd5 50. Nb4 Rxb2 51. Nxd5 Rd2 52. e6+ Kxe6 53.
Nf4+ Kd6 54. Rb4 b2 55. Nxg6 Ne3+ 0-1

[Event "VIII Floripa Chess Open 2022 - LIRA - m"]
[Site "Lira Tênis Clube - Florianó"]
[Date "2022.01.26"]
[Round "4.56"]
[White "Pereira, Geanfrancesco"]
[Black "Borges, Lucas Silvestre"]
[Result "1-0"]
[WhiteElo "2100"]
[BlackElo "1841"]
[PlyCount "95"]
[EventDate "2022.01.24"]
[EventRounds "10"]
[EventCountry "BRA"]

1. e4 c5 2. Nc3 Nc6 3. f4 d6 4. Bc4 g6 5. Nf3 e6 6. O-O Bg7 7. d3 Nge7 8. f5 d5
9. fxg6 hxg6 10. Bb3 d4 11. Ne2 Qd6 12. h3 Na5 13. Ng5 Rf8 14. Qe1 Nxb3 15.
axb3 f6 16. e5 Qxe5 17. Bf4 Qd5 18. c4 Qc6 19. Ne4 e5 20. Bd2 f5 21. Ng5 Bf6
22. b4 cxb4 23. Nh7 Rh8 24. Nxf6+ Qxf6 25. Bxb4 Nc6 26. Bc5 Kf7 27. b4 Bd7 28.
b5 Ne7 29. Ra2 Rh4 30. Rxa7 Rxa7 31. Bxa7 f4 32. Kh2 Nf5 33. Ng1 Ne3 34. Nf3
Nxf1+ 35. Qxf1 Rh5 36. Bb8 Qh8 37. Bc7 Qe8 38. Qe2 Kf6 39. Qe4 Bc8 40. Qd5 Qe6
41. Qd8+ Kg7 42. Kg1 Rf5 43. b6 Bd7 44. Qb8 Bc8 45. Bxe5+ Kh6 46. Qc7 Rf7 47.
Qd8 Qf5 48. Qh8+ 1-0

[Event "VIII Floripa Chess Open 2022 - LIRA - m"]
[Site "Lira Tênis Clube - Florianó"]
[Date "2022.01.26"]
[Round "4.58"]
[White "Lazzarotto, Marcio"]
[Black "Volkmann, Andre Jordi"]
[Result "0-1"]
[WhiteElo "1864"]
[BlackElo "2097"]
[PlyCount "72"]
[EventDate "2022.01.24"]
[EventRounds "10"]
[EventCountry "BRA"]

1. e4 c6 2. d4 d5 3. Nc3 dxe4 4. Nxe4 Nf6 5. Ng3 g6 6. Nf3 Bg4 7. c3 Bg7 8. h3
Bxf3 9. Qxf3 O-O 10. Bc4 Nbd7 11. O-O e5 12. Be3 Re8 13. Ne4 Qe7 14. Ng5 e4 15.
Qd1 Nd5 16. h4 h6 17. Nh3 Qxh4 18. Bxd5 cxd5 19. Nf4 Nb6 20. g3 Qd8 21. Kg2 Qd7
22. Rh1 Nc4 23. Bc1 g5 24. Nh5 Qf5 25. Nxg7 Kxg7 26. b3 Nd6 27. Rh3 Rf8 28. g4
Qg6 29. c4 f5 30. cxd5 Rf6 31. Ba3 Raf8 32. Rc1 fxg4 33. Qxg4 Rxf2+ 34. Kg1 Qf6
35. Bxd6 Rf1+ 36. Kh2 Qxd6+ 0-1

[Event "VIII Floripa Chess Open 2022 - LIRA - m"]
[Site "Lira Tênis Clube - Florianó"]
[Date "2022.01.26"]
[Round "4.59"]
[White "De Carvalho, Vitor Augusto Ponci"]
[Black "Lorenzon, Eduardo Lucas"]
[Result "1/2-1/2"]
[WhiteElo "1858"]
[BlackElo "2092"]
[PlyCount "135"]
[EventDate "2022.01.24"]
[EventRounds "10"]
[EventCountry "BRA"]

1. e4 e5 2. Nf3 Nc6 3. d4 exd4 4. Bc4 Nf6 5. O-O Nxe4 6. Re1 d5 7. Bxd5 Qxd5 8.
Nc3 Qa5 9. Nxe4 Be6 10. Neg5 O-O-O 11. Nxe6 fxe6 12. Rxe6 Qf5 13. Qe2 Bc5 14.
Bg5 Rdf8 15. Bh4 Kb8 16. Re1 a6 17. Bg3 Bb6 18. b4 Rf6 19. Qc4 Rd8 20. a3 Rxe6
21. Rxe6 d3 22. cxd3 Qxd3 23. Qa2 Nd4 24. Ne1 Qd1 25. Re4 Nf5 26. Bf4 Ka7 27.
h3 Nd6 28. Re7 Nf5 29. Re4 Rd4 30. Qe6 Qb1 31. Rxd4 Nxd4 32. Qe7 Nc2 33. Bd2
Qd1 34. Bc3 Nxa3 35. Kh2 Nb5 36. Bxg7 Bxf2 37. Nf3 Qd6+ 38. Qxd6 Nxd6 39. g4
Ne4 40. Kg2 Kb6 41. Nd2 Nxd2 42. Kxf2 Kc6 43. Ke3 Nc4+ 44. Kd4 b5 45. h4 Kd6
46. h5 Nd2 47. Be5+ Kd7 48. Ke3 Nc4+ 49. Kd4 a5 50. bxa5 Nxa5 51. Kc5 Nc6 52.
Bc3 Ne7 53. Kxb5 Ke6 54. Ba5 Nd5 55. Kc6 Nf6 56. Bxc7 Nxg4 57. Bf4 Kf5 58. Bc1
Nf6 59. h6 Kg6 60. Kc5 Ng4 61. Kd4 Nxh6 62. Bxh6 Kxh6 63. Ke3 Kg5 64. Kf2 h5
65. Kg1 h4 66. Kh1 h3 67. Kg1 h2+ 68. Kxh2 1/2-1/2

[Event "VIII Floripa Chess Open 2022 - LIRA - m"]
[Site "Lira Tênis Clube - Florianó"]
[Date "2022.01.26"]
[Round "4.60"]
[White "Calcado, Acyr Rogerio"]
[Black "Descarrega Zacarias, Vanessa"]
[Result "1-0"]
[WhiteElo "2085"]
[BlackElo "1828"]
[PlyCount "79"]
[EventDate "2022.01.24"]
[EventRounds "10"]
[EventCountry "BRA"]

1. Nf3 c5 2. g3 Nc6 3. Bg2 d5 4. d4 Nf6 5. O-O Bf5 6. c4 e6 7. Nc3 Be7 8. cxd5
Nxd5 9. Nxd5 Qxd5 10. Ne5 Be4 11. f3 Nxd4 12. fxe4 Qxe5 13. Bf4 Qh5 14. Bf3 Qg6
15. Qa4+ b5 16. Qa6 O-O 17. e5 Bg5 18. Bxg5 Qxg5 19. Bxa8 Qe3+ 20. Kh1 Rxa8 21.
Qb7 Rf8 22. Rae1 Qxe5 23. e4 a5 24. b3 f6 25. Rf2 Qd6 26. e5 fxe5 27. Rxf8+
Qxf8 28. Kg2 Qd6 29. Qa8+ Kf7 30. Rf1+ Kg6 31. Qe4+ Kh6 32. Qh4+ Kg6 33. Qg4+
Kh6 34. h4 g6 35. Rf7 Qd8 36. Qd1 Qd5+ 37. Kh2 Nf3+ 38. Qxf3 Qd2+ 39. Qf2 Qxf2+
40. Rxf2 1-0

[Event "VIII Floripa Chess Open 2022 - LIRA - m"]
[Site "Lira Tênis Clube - Florianó"]
[Date "2022.01.26"]
[Round "4.61"]
[White "Marques, Eudes Pinto"]
[Black "Mazetto, Sergio Luiz"]
[Result "1/2-1/2"]
[WhiteElo "1857"]
[BlackElo "2084"]
[PlyCount "122"]
[EventDate "2022.01.24"]
[EventRounds "10"]
[EventCountry "BRA"]

1. c4 e5 2. Nc3 Nc6 3. Nf3 Nf6 4. e3 Bb4 5. Be2 O-O 6. Qc2 Re8 7. O-O a5 8. a3
Bxc3 9. Qxc3 d5 10. cxd5 Nxd5 11. Qc2 e4 12. Ne1 Qd6 13. d3 Bf5 14. dxe4 Bxe4
15. Bd3 Ndb4 16. axb4 Nxb4 17. Qb3 Nxd3 18. f3 Nxc1 19. Rxc1 Bc6 20. Nc2 Rad8
21. Nd4 Bd5 22. Qc3 Qe5 23. e4 Bxe4 24. fxe4 Rxd4 25. Qxc7 f6 26. Qxb7 Rb4 27.
Qd7 Qd4+ 28. Qxd4 Rxd4 29. Rf5 a4 30. Ra5 Rdxe4 31. h3 Kf7 32. Kh2 Rb4 33. Rc7+
Re7 34. Rc3 g5 35. Rf3 Re6 36. Rxg5 Rxb2 37. Ra5 Ra2 38. Rf4 Ree2 39. Rg4 a3
40. Rg3 Ke6 41. Raxa3 Rxg2+ 42. Rxg2 Rxa3 43. Rg7 h5 44. Rh7 Ra5 45. Kg3 Rf5
46. Kh4 Ke5 47. Re7+ Kd4 48. Re6 Kd5 49. Ra6 Ke5 50. Rb6 Rf3 51. Rb5+ Ke4 52.
Rxh5 f5 53. Rh8 Ra3 54. Re8+ Kf3 55. Kg5 f4 56. h4 Kg3 57. h5 f3 58. Rf8 f2 59.
Rxf2 Kxf2 60. h6 Kg3 61. h7 Ra5+ 1/2-1/2